Business Ethics and Social Responsibility 2nd e. (Record no. 7917)
[ view plain ]
| 000 -LEADER | |
|---|---|
| fixed length control field | 00685nam a22002297i 4500 |
| 003 - CONTROL NUMBER IDENTIFIER | |
| control field | URS |
| 005 - DATE AND TIME OF LATEST TRANSACTION | |
| control field | 20220117150909.0 |
| 008 - FIXED-LENGTH DATA ELEMENTS--GENERAL INFORMATION | |
| fixed length control field | 160421b xxu||||| |||| 00| 0 eng d |
| 020 ## - INTERNATIONAL STANDARD BOOK NUMBER | |
| International Standard Book Number | 9789712360466 |
| 040 ## - CATALOGING SOURCE | |
| Description conventions | rda |
| Transcribing agency | URSP-College Library |
| Language of cataloging | eng |
| 050 ## - LIBRARY OF CONGRESS CALL NUMBER | |
| Classification number | HF5387 |
| Item number | 174.4 R55b 2011 |
| 100 1# - MAIN ENTRY--PERSONAL NAME | |
| Personal name | Roa, Floriano C. |
| 245 ## - TITLE STATEMENT | |
| Title | Business Ethics and Social Responsibility 2nd e. |
| Statement of responsibility, etc. | Roa, Floriano C. |
| 264 #1 - PRODUCTION, PUBLICATION, DISTRIBUTION, MANUFACTURE, AND COPYRIGHT NOTICE | |
| Place of production, publication, distribution, manufacture | Manila |
| Name of producer, publisher, distributor, manufacturer | Rex Book Store |
| Date of production, publication, distribution, manufacture, or copyright notice | 2011. |
| 300 ## - PHYSICAL DESCRIPTION | |
| Extent | xii, 278pages |
| Dimensions | 22cm |
| 336 ## - CONTENT TYPE | |
| Content type term | text |
| Content type code | txt |
| Source | rdacontent |
| 337 ## - MEDIA TYPE | |
| Media type term | unmediated |
| Media type code | n |
| Source | rdamedia |
| 338 ## - CARRIER TYPE | |
| Carrier type term | volume |
| Carrier type code | nc |
| Source | rdacarrier |
| 500 ## - GENERAL NOTE | |
| General note | Includes references and index |
| 650 #0 - SUBJECT ADDED ENTRY--TOPICAL TERM | |
| Topical term or geographic name entry element | Business ethics. |
| 942 ## - ADDED ENTRY ELEMENTS (KOHA) | |
| Source of classification or shelving scheme | Library of Congress Classification |
| Koha item type | Filipiniana |
| Withdrawn status | Source of classification or shelving scheme | Damaged status | Not for loan | Collection code | Home library | Current library | Shelving location | Date acquired | Source of acquisition | Total Checkouts | Full call number | Barcode | Date last seen | Copy number | Price effective from | Koha item type | Date last checked out | Cost, normal purchase price | Total Renewals |
|---|---|---|---|---|---|---|---|---|---|---|---|---|---|---|---|---|---|---|---|
| Library of Congress Classification | Non-fiction | Pililla College Library | Pililla College Library | General Stacks | 04/21/2016 | purchased | 174.4 R55b 2011 | URSPIL-4540 | 05/31/2019 | 3 | 04/21/2016 | Filipiniana | |||||||
| Library of Congress Classification | Non-fiction | Pililla College Library | Pililla College Library | General Stacks | 04/21/2016 | purchased | 174.4 R55b 2011 | URSPIL-4541 | 05/31/2019 | 4 | 04/21/2016 | Filipiniana | |||||||
| Library of Congress Classification | Non-fiction | Pililla College Library | Pililla College Library | General Stacks | 11/11/2017 | 174.4 R53b 2011 | URSPIL-3447 | 05/31/2019 | 1 | 11/11/2017 | Filipiniana | ||||||||
| Library of Congress Classification | Non-fiction | Pililla College Library | Pililla College Library | General Stacks | 02/19/2018 | 1 | 174.4 R55b 2011 | URSPIL-4539 | 05/31/2019 | 2 | 02/19/2018 | Filipiniana | 09/27/2018 | ||||||
| Library of Congress Classification | Non-fiction | Tanay College Library | Tanay College Library | General Stacks | 12/23/2014 | HD58.7 .R53 2011 | URSTAN-N1574 | 12/23/2014 | 03/10/2016 | Filipiniana | |||||||||
| Library of Congress Classification | Tanay College Library | Tanay College Library | 12/01/2015 | Purchase | 3 | HD58.7 .R53 2011 | URSTAN-N1684 | 12/21/2020 | 03/10/2016 | Filipiniana | 12/21/2020 | 434.00 | 1 | ||||||
| Library of Congress Classification | Non-fiction | Tanay College Library | Tanay College Library | General Stacks | 12/01/2015 | Purchase | 2 | HD58.7 .R53 2011 | URSTAN-N1685 | 03/14/2016 | 03/10/2016 | Filipiniana | 03/11/2016 | 434.00 | |||||
| Library of Congress Classification | Non-fiction | Tanay College Library | Tanay College Library | General Stacks | 12/01/2015 | Purchase | HD58.7 .R53 2011 | URSTAN-N1686 | 12/01/2015 | 03/10/2016 | Filipiniana | 434.00 |